000 00802nam a2200229Ia 4500
001 3083
003 GE_BSU
008 181216s||||||||xx |||||||||||||| ||und||
040 _cGE_BSU
080 _a665.63(035.5)
100 _aРябинович,Г.П. Рябых,П.М. Хохряков,П.А.
245 _aРасчеты основных процессов и апаратов нефтепереработки.
245 _bСправочник.
245 _cПод ред. Е.Н.Судакова.
250 _aИзд 3-ое. перераб. и доп.
260 _aМ.
260 _bХимия.
260 _c1979.
300 _a568 стр. с илл.
653 _aРасчеты основных процессов и апаратов нефтепереработки.
942 _cBK
999 _c37127
_d37127